Music Quiz

Random Music or Song Quiz
Score 0/200 Timer 20:00
0 Plays Today
Initials Rank. Act (year) Song Title % Correct
R
5. Aretha Franklin (1967)
Respect
90.1%
SLTS
3. Nirvana (1991)
Smells Like Teen Spirit
86.3%
(ICGN)S
2. The Rolling Stones (1965)
(I Can't Get No) Satisfaction
83.7%
StH
15. Led Zeppelin (1971)
Stairway to Heaven
78.1%
BJ
25. Michael Jackson (1982)
Billie Jean
77.6%
I
35. John Lennon (1971)
Imagine
77.3%
GV
4. The Beach Boys (1966)
Good Vibrations
75.7%
HC
67. The Eagles (1976)
Hotel California
70.8%
BR
44. Queen (1975)
Bohemian Rhapsody
69.3%
LaRS
1. Bob Dylan (1965)
Like a Rolling Stone
69.2%
DQ
105. ABBA (1976)
Dancing Queen
68.2%
HY
30. OutKast (2003)
Hey Ya!
66.8%
BtR
17. Bruce Springsteen (1975)
Born to Run
66.3%
HH
14. Elvis Presley (1956)
Heartbreak Hotel
64.6%
HD
69. Elvis Presley (1956)
Hound Dog
63.2%
HJ
45. The Beatles (1968)
Hey Jude
61.8%
EBYT
94. The Police (1983)
Every Breath You Take
61.1%
(So)TDotB
12. Otis Redding (1968)
(Sittin' on) The Dock of the Bay
60.3%
JBG
7. Chuck Berry (1958)
Johnny B. Goode
60.1%
C
56. Gnarls Barkley (2006)
Crazy
59.3%
Y
99. The Beatles (1965)
Yesterday
58.3%
IWtHYH
31. The Beatles (1963)
I Want to Hold Your Hand
57.8%
LMF
57. The Doors (1967)
Light My Fire
57.3%
PH
33. The Jimi Hendrix Experience (1967)
Purple Haze
57.3%
LMR
58. R.E.M. (1991)
Losing My Religion
57.2%
IWYB
29. The Jackson 5 (1969)
I Want You Back
56.9%
W
156. Oasis (1995)
Wonderwall
56.6%
BOTW
81. Simon and Garfunkel (1970)
Bridge Over Troubled Water
55.2%
IWtL
79. Johnny Cash (1956)
I Walk the Line
54.5%
ADitL
9. The Beatles (1967)
A Day in the Life
54.5%
IHITtG
6. Marvin Gaye (1968)
I Heard It Through the Grapevine
54.3%
S
38. Stevie Wonder (1972)
Superstition
53.8%
MG
13. The Who (1965)
My Generation
53.6%
SA
125. Bee Gees (1977)
Stayin' Alive
52.3%
SCOM
104. Guns N' Roses (1987)
Sweet Child O' Mine
52%
NC2U
93. Sinéad O'Connor (1990)
Nothing Compares 2 U
51.7%
LC
34. The Clash (1979)
London Calling
51.4%
JJF
50. The Rolling Stones (1968)
Jumpin' Jack Flash
51.3%
9P
124. Jay Z (2003)
99 Problems
50.8%
MM
90. Rod Stewart (1971)
Maggie May
50%
L
80. Beck (1993)
Loser
49.5%
HotRS
72. The Animals (1964)
House of the Rising Sun
49.3%
BEG
118. Van Morrison (1967)
Brown Eyed Girl
48.1%
NWNC
88. Bob Marley and The Wailers (1974)
No Woman No Cry
48.1%
LaV
191. Madonna (1984)
Like a Virgin
47.9%
AitU*
10. Sex Pistols (1976)
Anarchy in the U.K.
47.6%
L
46. Derek and The Dominos (1970)
Layla
47.3%
U
197. Rihanna feat. Jay Z (2007)
Umbrella
47.2%
BSS
71. The Verve (1997)
Bitter Sweet Symphony
47.2%
WTW
103. Run-D.M.C. (1986)
Walk This Way
46.9%
GStQ
24. Sex Pistols (1977)
God Save the Queen
46.9%
CD
102. The Mamas and the Papas (1965)
California Dreamin'
45.5%
CiL
55. Beyoncé (2003)
Crazy in Love
45.4%
H
158. The Beatles (1965)
Help!
45.1%
GBoF
108. Jerry Lee Lewis (1957)
Great Balls of Fire
45%
YRGM
28. The Kinks (1964)
You Really Got Me
44.9%
SftD
27. The Rolling Stones (1968)
Sympathy for the Devil
44.6%
BMB
11. The Ronettes (1963)
Be My Baby
44.2%
MG
107. The Temptations (1964)
My Girl
44.2%
SNA
70. The White Stripes (2003)
Seven Nation Army
44.1%
WGO
16. Marvin Gaye (1971)
What's Going On
43.9%
C
139. Radiohead (1992)
Creep
43.6%
AAtW
128. The Jimi Hendrix Experience (1968)
All Along the Watchtower
43.3%
ZS
179. David Bowie (1972)
Ziggy Stardust
42.8%
TMO
64. Franz Ferdinand (2004)
Take Me Out
42.8%
SbM
63. Ben E. King (1961)
Stand by Me
41.6%
HOG
176. Blondie (1978)
Heart of Glass
41.4%
Initials Rank. Act (year) Song Title % Correct
O
127. U2 (1991)
One
41.2%
SFF
8. The Beatles (1967)
Strawberry Fields Forever
41%
TF
21. Little Richard (1955)
Tutti Frutti
40.5%
OPW
92. Roy Orbison (1964)
Oh, Pretty Woman
40.2%
PP
53. M.I.A. (2007)
Paper Planes
40.1%
BitU*
182. Bruce Springsteen (1984)
Born in the U.S.A.
39.7%
PM
101. Creedence Clearwater Revival (1969)
Proud Mary
39%
WDC
54. Prince and The Revolution (1984)
When Doves Cry
38%
LL
20. The Kingsmen (1963)
Louie Louie
37.6%
JR
146. Elvis Presley (1957)
Jailhouse Rock
37%
YLTLF
22. The Righteous Brothers (1964)
You've Lost That Lovin' Feelin'
36.5%
WotWS
61. Lou Reed (1972)
Walk on the Wild Side
35.2%
(WG)RAtC
52. Bill Haley and His Comets (1954)
(We're Gonna) Rock Around the Clock
34.8%
S2
178. Blur (1997)
Song 2
34%
SO
100. David Bowie (1969)
Space Oddity
33.8%
IML
141. The Beatles (1965)
In My Life
33.6%
PS
110. Buddy Holly (1957)
Peggy Sue
33.5%
C
133. Patsy Cline (1960)
Crazy
33.2%
FWIW
109. Buffalo Springfield (1967)
For What It's Worth
32.7%
CGYOoMH
135. Kylie Minogue (2001)
Can't Get You Out of My Head
32.4%
LRC
167. Prince and The Revolution (1982)
Little Red Corvette
32.3%
H
43. David Bowie (1977)
Heroes
32.1%
FtP
121. Public Enemy (1989)
Fight the Power
30.9%
WaMLaW
86. Percy Sledge (1966)
When a Man Loves a Woman
30.7%
R
171. Frankie Goes to Hollywood (1983)
Relax
30.6%
WLL
84. Led Zeppelin (1969)
Whole Lotta Love
30.4%
NBaGT
147. Dr. Dre feat. Snoop Doggy Dogg (1992)
Nuthin' But a 'G' Thang
28.9%
AWSoP
129. Procol Harum (1967)
A Whiter Shade of Pale
28.8%
GIO(BaG)
119. T. Rex (1971)
Get It On (Bang a Gong)
28.5%
BH
144. Fats Domino (1956)
Blueberry Hill
28.3%
FPB
163. Johnny Cash (1955)
Folsom Prison Blues
28.2%
LST
60. Al Green (1971)
Let's Stay Together
28.1%
PIB
181. The Rolling Stones (1966)
Paint It, Black
28%
PA
155. Radiohead (1997)
Paranoid Android
27.9%
DitS
47. Martha and The Vandellas (1964)
Dancing in the Street
27.9%
SLY
97. The Beatles (1963)
She Loves You
27.9%
BB
142. Ramones (1976)
Blitzkrieg Bop
27%
SM
49. Elvis Presley (1969)
Suspicious Minds
27%
PL
165. The Beatles (1967)
Penny Lane
26.8%
FS
143. Creedence Clearwater Revival (1969)
Fortunate Son
26.7%
K
164. Prince and The Revolution (1986)
Kiss
26.6%
PGaBNB
73. James Brown (1965)
Papa's Got a Brand New Bag
26.4%
LWTUA
18. Joy Division (1980)
Love Will Tear Us Apart
26%
WGFA
91. The Who (1971)
Won't Get Fooled Again
25.7%
FA
132. Sly and the Family Stone (1971)
Family Affair
24.9%
GUFO
68. Missy Misdemeanor Elliott (2001)
Get Ur Freak On
24.5%
GOK
42. The Beach Boys (1966)
God Only Knows
24.2%
BM
41. New Order (1983)
Blue Monday
24.1%
WT
175. The Troggs (1966)
Wild Thing
23.8%
R
111. Del Shannon (1961)
Runaway
23.6%
RD
150. The Sugarhill Gang (1979)
Rapper's Delight
23.6%
TToMT
39. Smokey Robinson and The Miracles (1965)
The Tracks of My Tears
22.8%
RDMH
19. Ike and Tina Turner (1966)
River Deep Mountain High
22.1%
BSS
89. Carl Perkins (1956)
Blue Suede Shoes
21.9%
OiaL
151. Talking Heads (1980)
Once in a Lifetime
21.7%
BS
180. The Rolling Stones (1971)
Brown Sugar
21.1%
ATYD
173. Mott the Hoople (1972)
All the Young Dudes
20%
SItNoL
153. The Supremes (1965)
Stop! In the Name of Love
19.8%
DBC
123. Elvis Presley (1956)
Don't Be Cruel
19.6%
CP
65. Pulp (1995)
Common People
19.4%
GO
114. Booker T. & The MG's (1962)
Green Onions
19.3%
WS
40. The Kinks (1967)
Waterloo Sunset
19.3%
TM
23. Grandmaster Flash and The Furious Five (1982)
The Message
19.2%
TR
188. Bruce Springsteen (1975)
Thunder Road
19.1%
IFL
95. Donna Summer (1977)
I Feel Love
18.7%
BIP
194. Pretenders (1979)
Brass in Pocket
18.7%
WOB
85. Dionne Warwick (1964)
Walk On By
18.6%
Initials Rank. Act (year) Song Title % Correct
TBtD
32. The Crickets (1957)
That'll Be the Day
18.4%
WYLMT
112. The Shirelles (1960)
Will You Love Me Tomorrow
18.2%
MTM
37. The Byrds (1965)
Mr. Tambourine Man
18.2%
LF
122. Oasis (1994)
Live Forever
17.9%
WIS
26. Ray Charles (1959)
What'd I Say
17.8%
GS
115. The Rolling Stones (1969)
Gimme Shelter
17.7%
M
152. Yeah Yeah Yeahs (2003)
Maps
17.7%
RO(IBT)
36. The Four Tops (1966)
Reach Out (I'll Be There)
17.2%
TW
170. The Band (1968)
The Weight
16.8%
PWaRS
140. The Temptations (1972)
Papa Was a Rolling Stone
16.3%
OtL
138. Roy Orbison (1960)
Only the Lonely
15.8%
GT
66. Chic (1979)
Good Times
15.5%
ItMH
106. Wilson Pickett (1965)
In the Midnight Hour
15.4%
SOtT
183. Prince (1987)
Sign 'O' the Times
15.3%
TLIYL
145. Woody Guthrie (1947)
This Land Is Your Land
15.3%
HTW
96. The Rolling Stones (1969)
Honky Tonk Women
15.2%
ACIGC
48. Sam Cooke (1965)
A Change Is Gonna Come
14.9%
WLSGO
51. Jerry Lee Lewis (1957)
Whole Lotta Shakin' Goin' On
14.3%
SB
75. Eddie Cochran (1958)
Summertime Blues
13.9%
HSIN
126. The Smiths (1984)
How Soon Is Now?
13.5%
WDFFiL
186. The Teenagers feat.. Frankie Lymon (1956)
Why Do Fools Fall in Love
13.1%
GU(IFLBa)SM
77. James Brown (1970)
Get Up (I Feel Like Being a) Sex Machine
13%
TCM
78. The Smiths (1983)
This Charming Man
12.9%
VC(SR)
200. The Jimi Hendrix Experience (1968)
Voodoo Chile (Slight Return)
12.8%
WDOLG
196. The Supremes (1964)
Where Did Our Love Go
12.6%
SitC
184. The Lovin' Spoonful (1966)
Summer in the City
12.5%
MC
116. M83 (2011)
Midnight City
12.4%
9T
174. Question Mark and the Mysterians (1966)
96 Tears
12.4%
H
136. The Velvet Underground (1967)
Heroin
12.2%
ISaLP
189. Aretha Franklin (1968)
I Say a Little Prayer
12.2%
TTP
198. MGMT (2007)
Time to Pretend
11.8%
M
83. Chuck Berry (1955)
Maybellene
11.7%
GT
74. The Specials (1981)
Ghost Town
11.5%
EMH
87. The Byrds (1966)
Eight Miles High
11.4%
G
113. Them (1964)
Gloria
11.4%
SF
59. Billie Holiday (1939)
Strange Fruit
11.3%
TNK
190. The Beatles (1966)
Tomorrow Never Knows
10.3%
WL
193. Glen Campbell (1968)
Wichita Lineman
10%
ICE
199. The Who (1965)
I Can't Explain
9.8%
SHB
169. Bob Dylan (1965)
Subterranean Homesick Blues
9.3%
TIaLTNGO
120. The Smiths (1986)
There Is a Light That Never Goes Out
9.3%
BS
134. Underworld (1995)
Born Slippy
9.1%
YSM
172. Sam Cooke (1957)
You Send Me
8.8%
US
62. Massive Attack (1991)
Unfinished Sympathy
8.7%
A
192. Kraftwerk (1974)
Autobahn
8.3%
IWftM
168. The Velvet Underground (1967)
I'm Waiting for the Man
8.1%
DWB
154. The Beach Boys (1964)
Don't Worry Baby
7.5%
P
160. Frank Ocean (2012)
Pyramids
7.4%
BBaL
98. Gene Vincent and His Blue Caps (1956)
Be Bop a Lula
7.2%
DDRR
185. The Crystals (1963)
Da Doo Ron Ron
6.6%
ISLICC
157. Hank Williams (1949)
I'm So Lonesome I Could Cry
6.4%
(WM)IHP
137. The Clash (1978)
(White Man) In Hammersmith Palais
5.9%
MG
161. Animal Collective (2009)
My Girls
5.7%
TAR(M)
82. Elvis Presley (1954)
That's All Right (Mama)
5.6%
VP
131. Roxy Music (1972)
Virginia Plain
5.4%
AMF
162. LCD Soundsystem (2007)
All My Friends
5.1%
TI
166. Desmond Dekker (1968)
The Israelites
4.8%
HOJL
159. The Rapture (2002)
House of Jealous Lovers
4.5%
LME
148. LCD Soundsystem (2002)
Losing My Edge
4.4%
PGR
149. The Impressions (1965)
People Get Ready
4.3%
MT
76. Elvis Presley (1955)
Mystery Train
4.2%
MRtC
117. Jimmy Cliff (1969)
Many Rivers to Cross
4.1%
AAO
195. Love (1967)
Alone Again Or
4%
SRaR
130. Big Joe Turner (1954)
Shake, Rattle and Roll
4%
R8
187. Jackie Brenston (1951)
Rocket 88
3.5%
B
177. Hercules and Love Affair (2008)
Blind
2.5%
Remove Ads.
Support Sporcle.
Get the best of Sporcle when you Go Orange. This ad-free experience offers more features, more stats, and more fun while also helping to support Sporcle. Thank you for becoming a member.

You're not logged in!

Compare scores with friends on all Sporcle quizzes.
OR
Log In

Show Comments

Extras

Top Quizzes Today


Score Distribution

Your Account Isn't Verified!

In order to create a playlist on Sporcle, you need to verify the email address you used during registration. Go to your Sporcle Settings to finish the process.

Report this User

Report this user for behavior that violates our Community Guidelines.

Details: